Normal view
MARC view
- Gutiérrez Sáenz, Raúl
Entry Nombre Personal
001 - NUMERO DE CONTROL
- campo de control: 35141
003 - IDENTIFICADOR DE NUMERO DE CONTROL
- campo de control: UPN
005 - FECHA Y HORA DE LA ÜLTIMA TRANSACCIÓN
- campo de control: 20221124092056.0
008 - DATOS DE LONGITUD FIJA
- campo de control de longitud fija: nabaccnnaabn|||||||||| b |nc|||||d
035 ## - NUMERO DE CONTROL
- Número de control: UPN11000007248
040 ## - FUENTE DE CATALOGACIÓN
- Lenguaje de catalogación: spa
- Agencia de transcripción: MX-MxUPN
- Agencia original de catalogación: MX-MxUPN
100 1# - ENCABEZAMIENTO - NOMBRE PERSONAL
- Nombre personal: Gutiérrez Sáenz, Raúl
400 1# - VEÁSE - NOMBRE DE PERSONA
- Personal name: Sáenz, Raúl Gutiérrez
670 ## - FUENTE EN LA QUE SE LOCALIZARON DATOS
- Cita de la fuente: T
- Información localizada: Introducción a la ética
670 ## - FUENTE EN LA QUE SE LOCALIZARON DATOS
- Cita de la fuente: Introducción a la antropología filosófica, 1984:
- Información localizada: portada (Raúl Gutiérrez Sáenz)
680 ## - NOTA PUBLICA DE ACCESO PÚBLICO
- Frase explicativa de la referencia: Doctor en filosofía, profesor numerario de la Universidad Iberoamericana
902 ## - CATALOGADOR
- Catalogador: MCM/280414
